000
00285nam a22001337a 4500
008
181012b xxu||||| |||| 00| 0 eng d
020
_a
0721657087
041
_a
eng
080
_2
3rd
_a
611.085
100
_a
9
101
_a
HIS
245
_a
Histology
_c
Leeson,C.R
942
_2
udc
_c
BK
999
_c
49487
_d
49487